| 000 | 01339nam a2200361Ia 4500 | ||
|---|---|---|---|
| 001 | Z_6053 | ||
| 003 | CHAP | ||
| 008 | 220113s2008 xx 000 0 und d | ||
| 010 | _a169278 | ||
| 020 | _a978-958-8203-39-3 \ 978-958-96086-7-8 (obra completa) | ||
| 040 | _cCHAP | ||
| 082 | _a636.308 M36 | ||
| 245 |
_aManual de explotación y reproducción en ovejas y borregos / _ceditor Felipe Durán Ramírez; colaboradores Hugo Armando Hernández Gómez; ilustración Eduardo Duran Naranjo; fotografía María Helena Delgado Gómez...[et. al.] |
||
| 260 |
_aColombia : _bGrupo Latino Editores, _c2008 |
||
| 300 | _a726 p. | ||
| 440 |
_aVolvamos al campo _9124898 |
||
| 503 | _aej.1: 252957 \ ej.2: 262208 | ||
| 504 | _aBibliografía: p. 726-742 | ||
| 650 |
_aBorregos, Cría _xMejoramiento _xManuales _9143807 |
||
| 650 |
_aBorregos _xReproducción _xManuales _9143808 |
||
| 650 |
_aOvejas _x _x Cría _xMejoramiento _xManuales _9143809 |
||
| 650 |
_aOvejas _x _x Reproduccion _xManuales _9143810 |
||
| 700 |
_a Delgado Gómez, María Helena, fot. _9143811 |
||
| 700 |
_a Duran Naranjo, Eduardo, il. _9143812 |
||
| 700 |
_a Hernández Gómez, Hugo Armando, colab. _9143813 |
||
| 700 | _aDurán Ramírez, Felipe, ed. | ||
| 901 | _a636.308 M36 | ||
| 902 | _aM | ||
| 910 | _a2008 | ||
| 942 | _c1 | ||
| 942 | _cc1 | ||
| 999 |
_c169278 _d169278 |
||